বিষয়: গণমাধ্যম / (Record no. 1403)
[ view plain ]
| 000 -LEADER | |
|---|---|
| fixed length control field | 00628nam a2200217 a 4500 |
| 001 - CONTROL NUMBER | |
| JCCL Control Number | 1403 |
| 003 - CONTROL NUMBER IDENTIFIER | |
| JCCL marc code | BD-JhCC |
| 005 - DATE AND TIME OF LATEST TRANSACTION | |
| control field | 20171019090209.0 |
| 008 - FIXED-LENGTH DATA ELEMENTS--GENERAL INFORMATION | |
| fixed length control field | 171018s2013 bg ||||| |||| 00| 0 ben d |
| 020 ## - INTERNATIONAL STANDARD BOOK NUMBER | |
| International Standard Book Number | 9789849041757 |
| 035 ## - SYSTEM CONTROL NUMBER | |
| system control number | (BD-JhCC) 1403 |
| 040 ## - CATALOGING SOURCE | |
| Original cataloging agency | BD-JhCC |
| Modifying agency | BD-JhCC |
| 041 ## - LANGUAGE CODE | |
| Language code of Book | ben |
| 082 ## - DEWEY DECIMAL CLASSIFICATION NUMBER | |
| Classification number | 302.23 |
| Author mark and Year | BIS 2013 |
| 245 ## - TITLE STATEMENT | |
| Title | বিষয়: গণমাধ্যম / |
| Statement of responsibility, etc | মুহাম্মদ জাহাঙ্গীর (সম্পা.) |
| 300 ## - PHYSICAL DESCRIPTION | |
| Pagination | 366 p. : |
| Dimensions | 22 cm |
| 650 ## - SUBJECT ADDED ENTRY--TOPICAL TERM | |
| Topical term or geographic name as entry element | Mass Media |
| 700 ## - ADDED ENTRY--PERSONAL NAME | |
| Personal name | জাহাঙ্গীর, মুহাম্মদ |
| 942 ## - ADDED ENTRY ELEMENTS (KOHA) | |
| Source of classification or shelving scheme | Dewey Decimal Classification |
| Koha item type | Books |
| Source of classification or shelving scheme | Damaged status | Not for loan | Home library | Current library | Shelving location | Date of accession | Cost, normal purchase price | Total Checkouts | Full call number | Barcode | Date last seen | Copy number | Koha item type |
|---|---|---|---|---|---|---|---|---|---|---|---|---|---|
| Dewey Decimal Classification | JCC Rouf Library | JCC Rouf Library | General Stacks | 10/18/2017 | 500.00 | 302.23 BIS 2013 | 2464 | 10/18/2017 | C-1 | Books |